000 01077nam2a22002531 4500
001 v19\rc\2048295
005 20250620021606.0
035 _a(NLR Aleph) 005127143
090 _a7643188
_c7643188
100 _a20081111d1907 |||y0rusy50 ca
101 0 _arus
102 _aRU
105 _ay z |||h|
200 1 _aРечь пред выборами депутатов в 3-ю Государственную думу
_fС. Гр-в
210 _dценз. 1907
_aБ. м.
215 _a4 с.
461 0 _1001v19\rc\2048276
_12001#$aПриложение к листкам ХРБ$v№ 22
_97643076
_aКишиневское православное Христо-Рождественское братство
_cКишинев
_dц1906-ц1916-1915
_tПриложение к листкам ХРБ
_v№ 22
532 1 1 _aРечь пред выборами депутатов в Третью Государственную думу
702 1 _aГр-в
_bС.
_4220
801 0 _aRU
_bNLR
_gpsbo
801 1 _aRU
_bProSoft-M
_2rusmarc
852 _aNLR
_j20.109.9.25
942 _cBOOK
980 _aNB